La revolución historiográfica francesa la escuela de los annales 1929-1984[89] (Registro nro. 59293)

Detalles MARC
000 -ENCABEZADO
Número de control [NR] 01009nam a2200277Ia 4500
008 - DE LONGITUD FIJA DE DATOS DE ELEMENTOS - INFORMACIÓN GENERAL
Elementos de longitud fija [NR] 130821s2006 sp gr spa
020 ## - NUMERO INTERNACIONAL NORMALIZADO PARA LIBROS [R]
Número Internacional Normalizado del libro [NR] 8474325024
020 ## - NUMERO INTERNACIONAL NORMALIZADO PARA LIBROS [R]
Número Internacional Normalizado del libro [NR] 9788474325064
040 ## - FUENTE DE CATALOGACION [NR]
Agencia de catalogación original [NR] Co-BoUCM
Idioma de catalogación [NR] spa
041 00 - CODIGO DE IDIOMA [R]
Código de idioma para texto/pista de sonido o título separado [R] Español
100 1# - ASIENTO PRINCIPAL--NOMBRE PERSONAL [NR]
Nombre personal [NR] Burke, Peter
ID Autoridad 65991
245 13 - MENCION DE TITULO [NR]
Título [NR] La revolución historiográfica francesa la escuela de los annales 1929-1984[89]
Mención de responsabilidad, etc. [NR] Peter Burke
246 10 - FORMA VARIANTE DEL TITULO [R]
Título propiamente dicho/forma breve del título [NR] La escuela de los annales 1929-1984[89]
260 ## - PUBLICACION, DISTRIBUCION, ETC. (PIE DE IMPRENTA) [R]
Lugar de publicación, distribución, etc. [R] Barcelona (España)
Nombre del editor, distribuidor, etc. [R] Editorial gedisa
Fecha de publicación, distribución, etc. [R] 2006
300 ## - DESCRIPCION FISICA [R]
Extensión [R] 141 páginas
490 #0 - MENCION DE SERIE [R]
Mención de serie [R] Historia
504 ## - NOTA DE BIBLIOGRAFIA, ETC. [R]
Nota de bibliografía, etc. [NR]
650 04 - ASIENTO SECUNDARIO DE MATERIA - TERMINO TEMATICO [R]
Término temático o nombre geográfico como elemento de entrada [NR] Filosofía de la historia
9 (RLIN) 15763
650 04 - ASIENTO SECUNDARIO DE MATERIA - TERMINO TEMATICO [R]
Término temático o nombre geográfico como elemento de entrada [NR] Historia
Subdivisión general [R] Investigaciones
Subdivisión geográfica [R] Europa
9 (RLIN) 7695
650 04 - ASIENTO SECUNDARIO DE MATERIA - TERMINO TEMATICO [R]
Término temático o nombre geográfico como elemento de entrada [NR] Historiografía
9 (RLIN) 16967
650 04 - ASIENTO SECUNDARIO DE MATERIA - TERMINO TEMATICO [R]
Término temático o nombre geográfico como elemento de entrada [NR] Historiografía
Subdivisión de forma [R] Publicaciones seriadas
9 (RLIN) 7698
700 1# - ASIENTO SECUNDARIO - NOMBRE PERSONAL [R]
Nombre personal [NR] Bixio, Alberto Luis
Término de relación [R]
9 (RLIN) 108049
765 ## - ASIENTO DE IDIOMA ORIGINAL [R]
Título [NR] The french historical revolution. the annales school 1929-1989
942 ## - ELEMENTOS DE ENTRADA AGREGADOS (KOHA)
Tipo de ítem principal el descrito en 300a Libro
Tema principal Historia
Edición 1
Parte restante de la signatura top. B959r
Sistema de clasificación DEWEY
Clasificación 907.2044
Existencias
Fecha de último préstamo Total préstamos Total Renewals Signatura topográfica Código de barras Última vez visto Ejemplar Price effective from Tipo de ítem Perdido Sistema de clasificación Dañado No prestable Tipo de ítem específico Suprimido Ubicación habitual Ubicación actual Localización Fecha de creación Forma de adquisición Costo
28/03/2025 20 8 907.2044 B959r 100098492 09/12/2025 Ej.1 03/02/2013 Libro   DEWEY     Libro   Claustro Claustro 2do piso 28/02/2013 Compra 46000.00